Loading...
SHAMBALA PARISHKARANA UTHARAVU, 2011 (MALAYALAM)
| Main Author: | |
|---|---|
| Format: | Printed Book |
| Published: |
THIRUVANANTHAPURAM, CENTRE FOR LEGAL EDUCATION & DEVELOPMENT STUDIES
2011
|
| Subjects: |
| LEADER | 005440000a22001570004500 | ||
|---|---|---|---|
| 082 | |a 023.45 SAN/SA | ||
| 100 | |a SANJAYAN, P | ||
| 245 | |a SHAMBALA PARISHKARANA UTHARAVU, 2011 (MALAYALAM) | ||
| 260 | |a THIRUVANANTHAPURAM, CENTRE FOR LEGAL EDUCATION & DEVELOPMENT STUDIES | ||
| 260 | |c 2011 | ||
| 300 | |a pages 256 | ||
| 650 | |a GOVT. UTHARAVU | ||
| 650 | |a POTHU VIBHAGAM | ||
| 942 | |c BK | ||
| 999 | |c 167260 |d 167260 | ||
| 952 | |0 0 |1 0 |4 0 |6 023_450000000000000_SAN_SA |7 0 |9 170974 |a KAUCOAP |b KAUCOAP |d 2013-07-24 |o 023.45 SAN/SA |p KAU_COAP08698 |r 2013-07-24 |w 2013-07-24 |y BK | ||